Martiri in Cina. Mons. Luigi Versiglia e Don Callisto Caravario, nei loro scritti e nelle testimonianze di coetanei. Profilo storico. (Record n. 35111)

Dettagli MARC
000 -LEADER
fixed length control field 00574nam a2200229Ia 4500
003 - CONTROL NUMBER IDENTIFIER
control field IT-RoPAU
008 - FIXED-LENGTH DATA ELEMENTS--GENERAL INFORMATION
fixed length control field 120407s9999 xx 000 0 und d
040 ## - CATALOGING SOURCE
Original cataloging agency IT-RoPAU
040 ## - CATALOGING SOURCE
Transcribing agency IT-RoPAU
041 ## - LANGUAGE CODE
Language code of text/sound track or separate title ita
100 ## - MAIN ENTRY--PERSONAL NAME
Personal name Guido Bosio
245 ## - TITLE STATEMENT
Title Martiri in Cina. Mons. Luigi Versiglia e Don Callisto Caravario, nei loro scritti e nelle testimonianze di coetanei. Profilo storico.
250 ## - EDITION STATEMENT
Edition statement Torino
260 ## - PUBLICATION, DISTRIBUTION, ETC. (IMPRINT)
Place of publication, distribution, etc. Elle Di Ci
260 ## - PUBLICATION, DISTRIBUTION, ETC. (IMPRINT)
Date of publication, distribution, etc. 1977
300 ## - PHYSICAL DESCRIPTION
Extent 483 p.
300 ## - PHYSICAL DESCRIPTION
Dimensions 24 cm
490 ## - SERIES STATEMENT
Series statement Biografie
490 ## - SERIES STATEMENT
Volume/sequential designation 3
942 ## - ADDED ENTRY ELEMENTS (KOHA)
Koha item type LIBRO
Dati di copia
Withdrawn status Lost status Source of classification or shelving scheme Damaged status Not for loan Home library Current library Date acquired Total Checkouts Full call number Date last seen Price effective from Koha item type Public note
    Dewey Decimal Classification Buone Condizioni Not For Loan PAULUS-BIBLIOTECA PAULUS-BIBLIOTECA 11/04/2012   922.116 11/04/2012 11/04/2012 LIBRO Inserito da: Jole In data: 11 luglio 2011 fondo: Via A.Severo 56 Progr:25907
CREDITS: SOCIETA' SAN PAOLO Via A.Severo, 58 - ROMA (RM) & PERIODICI SAN PAOLO SRL Via Giotto, 36 MILANO & CISF Via Giotto, 36 MILANO & EDIZIONI SAN PAOLO SRL,  Piazza Soncino, 5 CINISELLO BALSAMO (MI) -- ITALY